Southville International School and Colleges
Your cart is empty.
  • Cart
  • Lists
    Public lists Eva Luna New books Lux_list list_1
    Your lists Log in to create your own lists
  • Log in to your account
  • Your cookies
  • Search history
Southville International School and Colleges
  • Advanced search
  • Recent comments
  • Most popular
  • Libraries

Log in to your account

Log in with GOOGLE


If you do not have an external account, but do have a local account, you can still log in:

  1. Home
  2. MARC view: Physics : course companion
Normal view MARC view ISBD view

Physics : course companion (Record no. 365216)

[ view plain ]
MARC details
000 -LEADER
fixed length control field 00608nam a22002057a 4500
003 - CONTROL NUMBER IDENTIFIER
control field 0
005 - DATE AND TIME OF LATEST TRANSACTION
control field 20230829093449.0
008 - FIXED-LENGTH DATA ELEMENTS--GENERAL INFORMATION
fixed length control field 230829b xxu||||| |||| 00| 0 eng d
020 ## - INTERNATIONAL STANDARD BOOK NUMBER
International Standard Book Number 978-1-382-01659-9
050 ## - LIBRARY OF CONGRESS CALL NUMBER
Classification number TR QC 32
Item number .H766 2023
100 ## - MAIN ENTRY--PERSONAL NAME
Personal name Homer, David
245 ## - TITLE STATEMENT
Title Physics : course companion
Statement of responsibility, etc David Homer
250 ## - EDITION STATEMENT
Edition statement 2023 edition
260 ## - PUBLICATION, DISTRIBUTION, ETC. (IMPRINT)
Place of publication, distribution, etc London, United Kingdom
Name of publisher, distributor, etc Oxford University Press
Date of publication, distribution, etc c2023.
300 ## - PHYSICAL DESCRIPTION
Extent xi, 713 pages :
Other physical details col. ill. ;
Dimensions 28 cm.
500 ## - GENERAL NOTE
General note Physics.
501 ## - WITH NOTE
With note Includes bibliographical references and index.
650 ## - SUBJECT ADDED ENTRY--TOPICAL TERM
Topical term or geographic name as entry element Physics.
942 ## - ADDED ENTRY ELEMENTS (KOHA)
Source of classification or shelving scheme Library of Congress Classification
Koha item type Books
Holdings
Withdrawn status Lost status Source of classification or shelving scheme Damaged status Home library Current library Shelving location Date acquired Source of acquisition Sub Shelving location Total Checkouts Total Renewals Full call number Barcode Checked out Date last seen Date checked out Price effective from Koha item type
    Library of Congress Classification   Luxembourg Library Luxembourg Library Teachers Reference Section 08/29/2023 Library Fund   3 1 TR QC 32 .H766 2023 21025 12/10/2025 08/20/2025 08/20/2025 08/29/2023 Books

Physics : course companion

APA

Homer D., . (2023). Physics : course companion. London, United Kingdom: Oxford University Press.

Chicago

Homer David, . 2023. Physics : course companion. London, United Kingdom: Oxford University Press.

Harvard

Homer D., . (2023). Physics : course companion. London, United Kingdom: Oxford University Press.

MLA

Homer David, . Physics : course companion. London, United Kingdom: Oxford University Press. 2023.

  • Place hold
  • Print
  • Cite
  • Add to your cart (remove)
  • Save record
    BIBTEX Dublin Core MARCXML MARC (non-Unicode/MARC-8) MARC (Unicode/UTF-8) MARC (Unicode/UTF-8, Standard) MODS (XML) RIS
  • More searches
    Search for this title in:
    Other Libraries (WorldCat) Other Databases (Google Scholar) Online Stores (Bookfinder.com) Open Library (openlibrary.org)

Exporting to Dublin Core...

SOUTHVILLE LIBRARY

Southville International School and Colleges Library

1281 Tropical Ave. Cor. Luxembourg St., BF Homes International, Las Pinas City

Tel. No. 8256374 / 252358 Loc. 117/146

Powered by Koha